Az óvodai nevelés országos irányelvei

Elmentve itt :
Bibliográfiai részletek
Szerzők: Kereszty Zsuzsa
Vekerdy Tamás
Dokumentumtípus: Cikk
Megjelent: 1993
Sorozat:Iskolakultúra 3 No. 11
Kulcsszavak:Óvodai nevelés, Gyermeknevelés - kisgyermekkor
Online Access:http://misc.bibl.u-szeged.hu/43748
LEADER 00661nab a2200193 i 4500
001 misc43748
005 20191106141231.0
008 180905s1993 hu o 0|| zxx d
022 |a 1215-5233 
040 |a SZTE Miscellanea Repozitórium  |b hun 
041 |a zxx 
100 1 |a Kereszty Zsuzsa 
245 1 3 |a Az óvodai nevelés országos irányelvei  |h [elektronikus dokumentum] /  |c  Kereszty Zsuzsa 
260 |c 1993 
300 |a 82-90 
490 0 |a Iskolakultúra  |v 3 No. 11 
695 |a Óvodai nevelés, Gyermeknevelés - kisgyermekkor 
700 0 1 |a Vekerdy Tamás  |e aut 
856 4 0 |u http://misc.bibl.u-szeged.hu/43748/1/iskolakultura_1993_011_082-090.pdf  |z Dokumentum-elérés